Luísa Sonza - Escândalo Íntimo (Tracklist) - Statistics

Estatísticas Gerais
  • Esse quiz foi jogado 37 vezes
  • A pontuação média é 16 de 32
Estatísticas das Respostas
Escândalo Íntimo (Deluxe) % Correto
9 Campo De Morango
78%
4 A Dona Aranha
74%
13 Sagrado Profano (feat. KayBlack)
70%
6 Bêbada Favorita (feat. Maiara & Maraisa)
67%
12 Chico
67%
19 Penhasco2 (feat. Demi Lovato)
67%
1 Escândalo Íntimo
63%
5 Luísa Manequim
63%
20 Outra Vez
63%
2 Carnificina
59%
11 Iguaria
59%
22 Principalmente Me Sinto Arrasada
59%
10 Surreal (feat. Baco Exu do Blues)
56%
8 Romance Em Cena (feat. Marina Sena)
52%
24 Lança Menina
48%
25 Não Sou Demais
48%
18 O Amor Tem Dessas (e é melhor assim)
48%
28 O Amor Tem Dessas (e é melhor assim) (feat. Belo)
48%
16 Onde É Que Deu Errado?
48%
27 Onde É Que Deu Errado? (feat. Simone Mendes)
48%
26 You Don't Know Me (feat. Caetano Veloso)
48%
15 La Muerte (feat. Tokischa)
44%
29 La Muerte (feat. TroyBoi, Tokischa)
44%
23 Ana Maria (feat. DUDA BEAT)
41%
3 Rough (feat. La Cruz)
41%
21 Interlúdio - Dão Errado
33%
14 Interlúdio - De Amor
33%
7 Interlúdio - Todas as histórias
33%
17 Pior Versão de Mim (feat. Jorge & Mateus)
30%
31 MTG Sagrado Profano (feat. KayBlack, Mulú)
19%
32 Sagrado Profano - Acústico (feat. KayBlack)
15%
30 Chico (English Version)
11%
Nenhum quiz correspondente encontrado
Distribuição das Pontuações
Porcentagem de Pessoas com Cada Pontuação
Percentil de Números Respondidos
Sua Pontuação Histórica
Você não jogou esse quiz